| 000 | 00645nam a2200241Ia 4500 | ||
|---|---|---|---|
| 005 | 20250425161936.0 | ||
| 008 | 250425s9999 xx 000 0 und d | ||
| 020 | _a9682600502 | ||
| 041 | _aspa | ||
| 082 | _a621.9 | ||
| 100 | _aVELA CUAUTLE, CARLOS | ||
| 245 | 0 | _aTECNOLOGIA DEL AJUSTADOR 3: MAQUINAS HERRAMIENTAS, EL FRESADO Y LAS MAQUINAS FRESADORAS, EL RECTIFICADO Y EL BROCHADO | |
| 250 | _a1A ED. | ||
| 260 | _aMEXICO | ||
| 260 |
_aMéxico _bCECSA _c1979 |
||
| 300 | _a135 | ||
| 650 | _aENGRANAJES | ||
| 650 | _aFRESADO (MAQUINADO) | ||
| 650 | _aFRESADORAS | ||
| 650 | _aRECTIFICADORAS | ||
| 942 | _c01 | ||
| 010 | _a36001 | ||
| 999 |
_c219316 _d219316 |
||